000
00258nam a2200097Ia 4500
005
20251222114349.0
008
251222s1900||||xx |||||||||||||| ||spa||
082
_a
DVD0099/L45/2005
245
0
_a
El legado del Chillón, la historia al norte de Lima:
942
_c
DVD
999
_c
1166
_d
1166